[Event "Helsingor Xtracon op"]
[Site "Helsingor"]
[Date "2018.07.23"]
[Round "4"]
[White "Mielow, Bjarne"]
[Black "Morling, Aase"]
[Result "1-0"]
[WhiteElo "1730"]
[BlackElo "1476"]
[PlyCount "139"]
[EventDate "2018.07.21"]
[EventType "swiss"]
[EventRounds "10"]
[EventCountry "DEN"]
[SourceTitle "CBM 185 Extra"]
[Source "ChessBase"]
[SourceDate "2018.07.29"]
[SourceVersion "1"]
[SourceVersionDate "2018.07.29"]
[SourceQuality "1"]

1. Nf3 Nf6 2. b3 d5 3. Bb2 e6 4. g3 b6 5. Bg2 Bb7 6. 0-0 Be7 7. d3 0-0 8. Nbd2 Nbd7 9. a3 c5 10. d4 cxd4 11. Nxd4 Rc8 12. c4 a6 13. cxd5 Bxd5 14. e4 Bb7 15. b4 b5 16. Rc1 Rxc1 17. Qxc1 Qc8 18. Qb1 Nb6 19. Rc1 Nc4 20. Nxc4 bxc4 21. Qc2 Qd7 22. e5 Bxg2 23. Kxg2 Qb7+ 24. Kg1 Nd5 25. Qxc4 Nb6 26. Qc6 Qb8 27. Qc7 Qxc7 28. Rxc7 Bg5 29. Rc6 Rb8 30. Nf3 Be7 31. Bd4 Bd8 32. Nd2 Kf8 33. Nb3 Rc8 34. Rxc8 Nxc8 35. Nc5 a5 36. Nb7 axb4 37. Nxd8 bxa3 38. Nb7 Ke7 39. Bc5+ Kd7 40. Bxa3 Kc6 41. Nd8+ Kd5 42. Nxf7 Nb6 43. f4 Nc4 44. Bb4 Ne3 45. h3 Nf5 46. Kf2 g6 47. Ba5 Nd4 48. Bb6 Nf5 49. g4 Ne7 50. Kf3 Nc8 51. Bf2 Ne7 52. h4 Nc6 53. Bb6 Ne7 54. Bd8 Nc6 55. Bg5 Nd4+ 56. Ke3 Nc2+ 57. Kd2 Nd4 58. Kd3 Nc6 59. Ke3 Nd4 60. Bh6 Nc2+ 61. Kf2 Nd4 62. Ng5 Nc6 63. Nxh7 Ne7 64. Bg5 Nc6 65. Nf8 Nb4 66. Nxg6 Nd3+ 67. Kg3 Ke4 68. h5 Nc5 69. h6 Nd7 70. h7 1-0

[Event "Copenhagen Spring Amager C"]
[Site "Copenhagen"]
[Date "2016.05.03"]
[Round "2"]
[White "Gade, Jens"]
[Black "Mielow, Bjarne"]
[Result "0-1"]
[WhiteElo "1442"]
[BlackElo "1508"]
[PlyCount "54"]
[EventDate "2016.04.26"]
[EventType "tourn"]
[EventRounds "5"]
[EventCountry "DEN"]
[SourceTitle "EXT 2025"]
[Source "ChessBase"]
[SourceDate "2024.10.14"]
[SourceVersion "1"]
[SourceVersionDate "2024.10.14"]
[SourceQuality "1"]

1. f4 b6 2. e4 Bb7 3. d3 Nc6 4. Nf3 g6 5. Be2 Bg7 6. Nc3 d6 7. 0-0 Nf6 8. Rb1 e6 9. Ng5 Nd4 10. Be3 Nxe2+ 11. Qxe2 h6 12. Nf3 Qd7 13. a4 0-0 14. h3 c5 15. Rbd1 a6 16. b3 Nh5 17. Qe1 d5 18. exd5 exd5 19. Ne2 Rae8 20. Qf2 Qe7 21. g4 Qxe3 22. gxh5 Qxe2 23. hxg6 Qxf2+ 24. Kxf2 fxg6 25. Kg3 Re3 26. Kf2 d4 27. Rde1 Rxf3+ 0-1

[Event "Amager Aabne CC-ch B"]
[Site "Amager"]
[Date "2015.03.17"]
[Round "5"]
[White "Pedersen, Ole2"]
[Black "Mielow, Bjarne"]
[Result "1-0"]
[WhiteElo "1443"]
[BlackElo "1487"]
[PlyCount "43"]
[EventDate "2015.01.20"]
[EventType "tourn"]
[EventRounds "7"]
[EventCountry "DEN"]
[SourceTitle "EXT 2023"]
[Source "ChessBase"]
[SourceDate "2022.10.05"]
[SourceVersion "1"]
[SourceVersionDate "2022.10.05"]
[SourceQuality "1"]

1. d4 Nf6 2. Bf4 g6 3. Nf3 d6 4. Nc3 a6 5. e4 Bg7 6. Qd2 0-0 7. Bh6 b5 8. Bxg7 Kxg7 9. a3 Bb7 10. Bd3 Nbd7 11. h4 c5 12. d5 c4 13. Be2 h5 14. Nh2 Rh8 15. g4 hxg4 16. Nxg4 Qb6 17. Qe3 Qxe3 18. Nxe3 Rh6 19. 0-0-0 Rah8 20. Rdg1 Rxh4 21. Nf5+ Kf8 22. Rxh4 1-0

[Event "Amager-ch"]
[Site "Amager"]
[Date "2011.08.30"]
[Round "1"]
[White "Larsen, Hans Haagen"]
[Black "Mielow, Bjarne"]
[Result "1/2-1/2"]
[WhiteElo "1618"]
[BlackElo "1566"]
[PlyCount "131"]
[EventDate "2011.08.30"]
[EventType "swiss"]
[EventRounds "7"]
[EventCountry "DEN"]
[SourceTitle "EXT 2023"]
[Source "ChessBase"]
[SourceDate "2022.10.05"]
[SourceVersion "1"]
[SourceVersionDate "2022.10.05"]
[SourceQuality "1"]

1. e4 c5 2. d4 cxd4 3. c3 dxc3 4. Nxc3 Nc6 5. Nf3 e5 6. Bc4 h6 7. Nb5 d6 8. Be3 a6 9. Nc3 Nf6 10. 0-0 Be7 11. Nd2 0-0 12. f4 Ng4 13. Qf3 Nxe3 14. Qxe3 exf4 15. Qf2 Bf6 16. Nf3 Ne5 17. Nxe5 Bxe5 18. Nd5 Be6 19. Rac1 b5 20. Bb3 Rc8 21. Rxc8 Bxc8 22. Nxf4 Qf6 23. Nd5 Qxf2+ 24. Kxf2 Bxb2 25. Ke3 Be5 26. g3 Kh8 27. Ne7 Bf6 28. Nd5 Bg5+ 29. Kd3 a5 30. h4 Bd8 31. Rc1 Be6 32. Nc7 Bxb3 33. axb3 f5 34. Nxb5 fxe4+ 35. Kxe4 Be7 36. Rc7 Re8 37. Kd5 Bf8 38. Nxd6 Bxd6 39. Kxd6 Re3 40. Ra7 Rxg3 41. Rxa5 Rxb3 42. Ke6 Rf3 43. Rf5 Rh3 44. h5 Kg8 45. Rd5 Re3+ 46. Re5 Rd3 47. Ke7 Rg3 48. Ke6 Rg2 49. Ke7 Rf2 50. Ke6 Rb2 51. Rf5 Rb7 52. Rc5 Rb8 53. Ke7 Rf8 54. Ke6 Re8+ 55. Kd7 Re3 56. Rf5 Kh7 57. Kd6 g5 58. Rf7+ Kg8 59. Rf6 Kg7 60. Rg6+ Kh7 61. Rf6 Re4 62. Rg6 Rh4 63. Ke6 Rf4 64. Ke5 Rf7 65. Ke4 Rf4+ 66. Ke5 1/2-1/2

[Event "Amager CC-ch"]
[Site "Amager"]
[Date "2011.01.25"]
[Round "1"]
[White "Foss, Kim"]
[Black "Mielow, Bjarne"]
[Result "1-0"]
[WhiteElo "1450"]
[BlackElo "1630"]
[PlyCount "101"]
[EventDate "2011.01.25"]
[EventType "swiss"]
[EventRounds "7"]
[EventCountry "DEN"]
[SourceTitle "EXT 2023"]
[Source "ChessBase"]
[SourceDate "2022.10.05"]
[SourceVersion "1"]
[SourceVersionDate "2022.10.05"]
[SourceQuality "1"]

1. b4 e5 2. Bb2 d6 3. c4 Nf6 4. Nf3 Be7 5. e3 0-0 6. Be2 b6 7. 0-0 Bb7 8. Nc3 Nbd7 9. Qc2 h6 10. d4 exd4 11. Nxd4 Re8 12. Bf3 Bxf3 13. Nxf3 Nf8 14. Rfd1 Qc8 15. Rac1 a6 16. Nd5 Nxd5 17. cxd5 Nh7 18. Qxc7 b5 19. Qb6 Qf5 20. Qd4 Bf6 21. Qd2 Bxb2 22. Qxb2 Nf6 23. Qd4 Re4 24. Qd3 Qd7 25. Qc3 Rc4 26. Qb3 Rac8 27. Rxc4 Rxc4 28. Nd2 Rc8 29. e4 Qc7 30. f3 Qc2 31. Kf1 Qxb3 32. Nxb3 Rc2 33. Rd2 Rc4 34. a3 Rc3 35. Rb2 Nd7 36. Nd4 Nb6 37. Rb3 Rxb3 38. Nxb3 Nc4 39. Na5 Kf8 40. Nxc4 bxc4 41. Ke2 Ke7 42. Ke3 f6 43. Kd4 Kd7 44. Kxc4 Kc7 45. a4 Kb6 46. b5 axb5+ 47. axb5 g5 48. g3 Kc7 49. f4 Kb6 50. Kd4 Kxb5 51. e5 1-0

[Event "Amager-ch"]
[Site "Amager"]
[Date "2009.09.29"]
[Round "4"]
[White "Hansen, Benny"]
[Black "Mielow, Bjarne"]
[Result "1-0"]
[WhiteElo "1218"]
[BlackElo "1621"]
[PlyCount "91"]
[EventDate "2009.09.01"]
[EventType "swiss"]
[EventRounds "7"]
[EventCountry "DEN"]
[SourceTitle "EXT 2023"]
[Source "ChessBase"]
[SourceDate "2022.10.05"]
[SourceVersion "1"]
[SourceVersionDate "2022.10.05"]
[SourceQuality "1"]

1. e4 e5 2. Nf3 d6 3. Nc3 Nf6 4. d3 Be7 5. Be3 0-0 6. Be2 c6 7. Qd2 Ng4 8. Bg5 Nf6 9. a3 h6 10. Bxf6 Bxf6 11. 0-0-0 a5 12. h4 b5 13. Na2 Be6 14. Kb1 Qb6 15. Qe3 c5 16. Nd2 Nc6 17. g4 Nd4 18. g5 hxg5 19. hxg5 Bd8 20. Rdg1 g6 21. Bg4 Re8 22. Qh3 Kf8 23. Bxe6 Rxe6 24. Nc3 Ke8 25. Nd5 Qb7 26. Qg4 Kd7 27. Rh7 Kc8 28. c3 Nc6 29. Qf3 Ra7 30. Qe3 b4 31. Kc2 bxa3 32. bxa3 a4 33. Rb1 Qd7 34. Rh8 Rb7 35. Nc4 Kb8 36. Ncb6 Rxb6 37. Nxb6 Qa7 38. Nc4+ Kc7 39. Qf3 Re7 40. Qf6 Rd7 41. Qf3 Bxg5 42. Rb5 Bd8 43. Rh7 Kc8 44. Rxf7 Qa6 45. Nxd6+ Rxd6 46. Qg4+ 1-0